000 00377nam a22001457a 4500
999 _c7983
_d7983
003 OSt
005 20200615110533.0
008 200615b ||||| |||| 00| 0 eng d
020 _a9787561156964
082 _a301
_bBEN
100 _aBEN SHE,YI MING
245 _aCity Space Landscape Design/
_blandscape and Architecture Design Series
250 _aChinese Edition
942 _2ddc